NHL Roster - Toronto Maple Leafs 2024-25 - Statistics

General Stats
  • This quiz has been taken 93 times
  • The average score is 18 of 24
Answer Stats
# Birthplace Player Name % Correct
Forwards 34 California, USA Auston Matthews
100%
Forwards 16 Ontario, CAN Mitch Marner
97%
Forwards 88 Alberta, CAN William Nylander
97%
Goaltenders 41 New Jersey, USA Anthony Stolarz
95%
Goaltenders 60 Missouri, USA Joseph Woll
95%
Forwards 91 Ontario, CAN John Tavares
92%
Defencemen 44 British Columbia, CAN Morgan Rielly
92%
Forwards 23 Arizona, USA Matthew Knies
91%
Forwards 11 Manitoba, CAN Max Domi
91%
Defencemen 8 Ontario, CAN Chris Tanev
78%
Defencemen 95 Karlskrona, SWE Oliver Ekman-Larsson
77%
Defencemen 2 Quebec, CAN Simon Benoit
77%
Forwards 89 California, USA Nicholas Robertson
70%
Forwards 74 Alberta, CAN Bobby McMann
65%
Defencemen 25 Colorado, USA Brandon Carlo
65%
Forwards 64 Chomutov, CZE David Kampf
64%
Defencemen 22 Wisconsin, USA Jake McCabe
64%
Forwards 67 Connecticut, USA Max Pacioretty
61%
Forwards 29 Västerås, SWE Pontus Holmberg
61%
Forwards 19 Gävle, SWE Calle Jarnkrok
60%
Forwards 24 Ontario, CAN Scott Laughton
55%
Forwards 18 Ontario, CAN Steven Lorentz
51%
Defencemen 51 New Brunswick, CAN Philippe Myers
44%
Defencemen 28 Kirkkonummi, FIN Jani Hakanpää
30%
No matching quizzes found
Score Distribution
Percent of People with Each Score
Percentile by Number Answered
Your Score History
You have not taken this quiz